| 000 | 00414nam a22001697a 4500 | ||
|---|---|---|---|
| 003 | SGT | ||
| 020 | _a9780198821809 | ||
| 082 |
_a617.645 _bP12W |
||
| 100 | _aWelbury, Richard... [et. al.] | ||
| 245 | _aPaediatric Dentistry | ||
| 250 | _a5th | ||
| 260 |
_aUnited Kingdom _bOxford University Press _c2012 |
||
| 300 | _a389 | ||
| 650 | _aPaediatric Dentistry | ||
| 653 | _aPaediatric Dentistry | ||
| 942 |
_2ddc _cBK |
||
| 999 |
_c22714 _d22714 |
||